logo

Bir Sreshtho Munshi Abdur Rouf Library
Jhenaidah Cadet College

Front cover image for The storm before the storm : the beginning of the end of the Roman Republic The storm before the storm : the beginning of the end of the Roman Republic / (Record no. 13688)

MARC details
000 -LEADER
fixed length control field 00758nam a2200229 a 4500
001 - CONTROL NUMBER
JCCL Control Number 13688
003 - CONTROL NUMBER IDENTIFIER
JCCL marc code BD-JhCC
005 - DATE AND TIME OF LATEST TRANSACTION
control field 20240313213041.0
008 - FIXED-LENGTH DATA ELEMENTS--GENERAL INFORMATION
fixed length control field 240313b 2017u |||| ||a| 001 0 eng d
020 ## - INTERNATIONAL STANDARD BOOK NUMBER
International Standard Book Number 9781549167768
035 ## - SYSTEM CONTROL NUMBER
system control number (BD-JhCC)13688
040 ## - CATALOGING SOURCE
Original cataloging agency BD-JhCC
Modifying agency BD-JhCC
041 ## - LANGUAGE CODE
Language code of Book eng
082 ## - DEWEY DECIMAL CLASSIFICATION NUMBER
Classification number 937.05
Author mark and Year Mike Duncan
100 ## - MAIN ENTRY--PERSONAL NAME
Personal name Duncan, Mike
245 ## - TITLE STATEMENT
Title Front cover image for The storm before the storm : the beginning of the end of the Roman Republic The storm before the storm : the beginning of the end of the Roman Republic /
Remainder of title Mike Duncan
260 ## - PUBLICATION, DISTRIBUTION, ETC. (IMPRINT)
Place of publication, distribution, etc New york:
Name of publisher, distributor, etc Public Affairs;
Date of publication, distribution, etc 2017.
300 ## - PHYSICAL DESCRIPTION
Pagination 431 p.:
Dimensions 22 cm.
650 ## - SUBJECT ADDED ENTRY--TOPICAL TERM
Topical term or geographic name as entry element HISTORY Ancient Rome
Form subdivision Rome History Republic, 265-30 B.C
942 ## - ADDED ENTRY ELEMENTS (KOHA)
Source of classification or shelving scheme Dewey Decimal Classification
Koha item type Books
Holdings
Source of classification or shelving scheme Damaged status Not for loan Home library Current library Shelving location Date of accession Cost, normal purchase price Total Checkouts Full call number Barcode Date last seen Date checked out Copy number Method of acquisition Koha item type Currency
Dewey Decimal Classification     JCC Rouf Library JCC Rouf Library General Stacks   450.00 2 937.05 Mike Duncan 19140 07/16/2025 05/24/2025 C-1 Purchase Books BDT

JCC Library | Contacts | JCC Home

Last Update on 23 September 2017
Copyright @ 2017-2020 JCC Rouf Library
Rouf Library, Jhenidah Cadet College (JCC), Bangladesh